The Non-Domestic Rating (Demand Notices) (Wales) (Amendment) Regulations 2008 (Record no. 108170)

MARC details
000 -LEADER
fixed length control field 01408cad a22002415a 4500
001 - CONTROL NUMBER
control field L143487
008 - FIXED-LENGTH DATA ELEMENTS--GENERAL INFORMATION
fixed length control field 080514s20080202xxk f lf000 0 eng d
035 ## - SYSTEM CONTROL NUMBER
System control number (Sirsi) u143487
041 0# - LANGUAGE CODE
Language code of text/sound track or separate title eng
050 04 - LIBRARY OF CONGRESS CALL NUMBER
Classification number 336.21 $2 18
110 2# - MAIN ENTRY--CORPORATE NAME
Corporate name or jurisdiction name as entry element United Kingdom
Form subheading Laws, etc
9 (RLIN) 5044
245 04 - TITLE STATEMENT
Title The Non-Domestic Rating (Demand Notices) (Wales) (Amendment) Regulations 2008
Medium [electronic resource]
260 ## - PUBLICATION, DISTRIBUTION, ETC.
Place of publication, distribution, etc. London
Name of publisher, distributor, etc. TSO
Date of publication, distribution, etc. 2008
490 #0 - SERIES STATEMENT
Series statement SI
Volume/sequential designation 2008 7(W.3)
520 ## - SUMMARY, ETC.
Summary, etc. Comes into force 2 February 2008. Provides for the contents of rate demand notices, which are issued by billing authorities (borough and county councils) in Wales, and for the information to be supplied when such notices are served by them. Specifies the information to be supplied when rate demand notices are sent by billing authorities. Provides that, unless the Welsh Ministers order otherwise, the normal liability for an unoccupied hereditament would be the same as for an occupied hereditament.
590 ## - LOCAL NOTE (RLIN)
Local note KA
650 24 - SUBJECT ADDED ENTRY--TOPICAL TERM
Topical term or geographic name entry element RATING (EMPTY PROPERTIES) ACT 2007
650 24 - SUBJECT ADDED ENTRY--TOPICAL TERM
Topical term or geographic name entry element NON-DOMESTIC RATING (DEMAND NOTICES) (WALES) (AMENDMENT) REGULATIONS 2008
651 #4 - SUBJECT ADDED ENTRY--GEOGRAPHIC NAME
Geographic name Wales
Chronological subdivision 2007-
690 ## - LOCAL SUBJECT ADDED ENTRY--TOPICAL TERM (OCLC, RLIN)
Topical term or geographic name as entry element PROPERTY-COMMERCIAL PROPERTY-COMMERCIAL PROPERTY TAXATION-BUSINESS RATES
856 40 - ELECTRONIC LOCATION AND ACCESS
Uniform Resource Identifier <a href="https://www.opsi.gov.uk/legislation/wales/wsi2008/wsi_20080007_en_1">https://www.opsi.gov.uk/legislation/wales/wsi2008/wsi_20080007_en_1</a>
Public note View the statutory instrument free of charge at www.opsi.gov.uk...
942 ## - ADDED ENTRY ELEMENTS (KOHA)
Suppress in OPAC 0
Holdings
Withdrawn status Lost status Source of classification or shelving scheme Damaged status Not for loan Home library Current library Shelving location Date acquired Total Checkouts Full call number Barcode Date last seen Copy number Price effective from Koha item type
    Dewey Decimal Classification     Virtual Virtual Online 14/05/2008   ONLINE PUBLICATION 143487-1001 06/08/2019 1 06/08/2019 Book